000 00434 a2200157 4500
003 NUST
005 20230309164510.0
040 _cNust
082 _a891.439,SAD
100 _aSaddiqui, Rizwan
_9110100
245 _aEk gaon ki kahani / ایک گاوں کی کہانی (urdu) /
_bRizwan Saddiqui
260 _aHandier Abad
_bmajsul musanafin
_c1986
300 _a358 p.;
650 _2Urdu Literature
942 _2ddc
_cBK
_k891.439,SAD
999 _c194150
_d194150